Normal view
MARC view
- ELECTRONIC APPARATUS AND APPLIANCE- MAINTENANCE AND REPAIR HANDBOOK ELECTRONIC CIRCUITS-HANDBOOK
Entry Topical Term
001 - CONTROL NUMBER
- control field: 57742
003 - CONTROL NUMBER IDENTIFIER
- control field: NUST
005 - DATE AND TIME OF LATEST TRANSACTION
- control field: 20210628202005.0
008 - FIXED-LENGTH DATA ELEMENTS
- fixed length control field: 210628|| aca||aabn | a|a d
040 ## - CATALOGING SOURCE
- Original cataloging agency: NUST
- Transcribing agency: NUST
150 ## - HEADING--TOPICAL TERM
- Topical term or geographic name entry element: ELECTRONIC APPARATUS AND APPLIANCE- MAINTENANCE AND REPAIR HANDBOOK ELECTRONIC CIRCUITS-HANDBOOK
670 ## - SOURCE DATA FOUND
- Source citation: Work cat.: (NUST): Lenk, John D 57741, Circuit troubeshooting handbook, 1999
